000 00486 a2200181 4500
999 _c32083
_d32083
003 OSt
005 20260121131445.0
008 260120b ||||| |||| 00| 0 eng d
020 _a978-3-662-09440-2
040 _c.
082 _a006.3
_bN712
100 _96529
_aNilsson, Nils J.
245 _aPrinciples of Artificial Intelligence /
_cby Nils J. Nilsson
260 _bSpringer,
_aNew York :
_c1980.
300 _a476 p.
650 0 _93233
_aArtificial intelligence
942 _2ddc
_cBK